Vies Locals : memòria ... memòria ...
Publicado:
Barcelona :
Diputació de Barcelona. Àrea d'Infraestructures, Urbanisme i Habitatge ,
2005
Descripción Física:
fot. ; 29 cm
MARC
| LEADER | 00000nam a2200000Ia 4500 | ||
|---|---|---|---|
| 001 | 21125 | ||
| 008 | 160829s2005- xx 000 0 cat d | ||
| 080 | |a FU-27-6 | ||
| 110 | |a Barcelona (Catalunya : Província). |b Servei de Vies Locals |9 53817 | ||
| 245 | |a Vies Locals : |b memòria ... | ||
| 260 | |a Barcelona : |b Diputació de Barcelona. Àrea d'Infraestructures, Urbanisme i Habitatge, |c 2005- | ||
| 300 | |a fot. ; |c 29 cm | ||
| 610 | 0 | |a Barcelona (Catalunya : Província). |b Servei de Vies Locals |9 53817 | |
| 710 | |a Barcelona (Catalunya : Província). |b Àrea d'Infraestructures, Urbanisme i Habitatge |9 13533 | ||
| 866 | |a 2004 | ||
| 901 | |a Arxiu | ||
| 942 | |n 1 | ||
| 952 | |0 0 |1 0 |4 0 |6 FU276 |7 1 |9 51208 |a Arxiu |b Arxiu |d 2016-12-01 |l 0 |o FU-27-6 |p 21125 |r 2016-12-01 00:00:00 |w 2016-12-01 |y ARXIU | ||
| 999 | |c 55051 |d 55051 | ||